000
00382nam a2200145Ia 4500
008
090124s9999 xx 000 0 und d
082
_b
301181
245
_a
निगेटिव्ह
250
_a
1
260
_b
वैद्य सुरेश.
_c
1984
300
_a
231
630
_a
निगेटिव्ह
730
_a
निगेटिव्ह
942
_c
BOOK
999
_c
190735
_d
190735